| 000 | 00626nam a22001817a 4500 | ||
|---|---|---|---|
| 999 |
_c178330 _d178330 |
||
| 005 | 20210324173133.0 | ||
| 010 | _aENG-129297 | ||
| 020 |
_a978-93-5388-299-0 _c1495.00 |
||
| 035 | _aEN-112829 | ||
| 037 | _bDBAD/PUB | ||
| 082 | _a307.76 | ||
| 100 | _aZhenhua, Zhou | ||
| 245 |
_aGlobal Cities: Past, Present and Future/ _cZhou Zhenhua |
||
| 260 |
_aNew Delhi _bSage Publication India _c2020 |
||
| 270 |
_aB1/1-1 Mohan Cooperative Industrial Area Mathura Road _bNew Delhi _e110044 |
||
| 300 |
_ax+424p. _c23cm(hbk) _bIncluding illustrations and Bibliographical references. |
||
| 942 |
_2ddc _cEN _h307.76 _mZHE |
||